000 00558nam a2200229Ia 4500
008 210210b2009 xxu||||| |||| 00| 0 eng d
041 _aeng
082 _a954 CHAS
100 _aCHANDRA (Satish)
245 _aState pluralism, and the Indian historical tradition
260 _aNew Delhi
_bOxford University Press
_c2009
300 _aviii,196
650 _atradition
650 _athe
650 _aState
650 _apluralism,
650 _aIndian
650 _ahistorical
650 _aand
690 _aIndian History
906 _a064481
999 _c141446
_d141446